Pokémon - Les attaques de Yanma - Statistiques

Statistiques générales
  • Ce quiz a été pris 11 fois
  • Le résultat moyen est 9 sur 16
Statistiques - réponses
Niveaux Types Noms des attaques % Correct
Niveau 57 Insecte Bourdon
100%
Niveau 33 Roche Pouvoir Antique
100%
Départ Normal Charge
88%
Niveau 54 Vol Lame d'Air
88%
Niveau 6 Normal Vive-Attaque
88%
Niveau 43 Vol Cru-Aile
75%
Niveau 46 Normal Grincement
63%
Niveau 11 Normal Reflet
63%
Niveau 22 Normal Ultrason
63%
Niveau 17 Combat Détection
50%
Niveau 14 Normal Sonicboom
50%
Niveau 30 Ténèbres Poursuite
38%
Niveau 49 Insecte Demi-Tour
25%
Niveau 38 Psy Hypnose
25%
Niveau 27 Normal Brouhaha
13%
Départ Normal Clairvoyance
13%
Aucun quiz correspondant
Distribution des résultats
% des personnes avec chaque résultat
Percentile par nombre de réponses
Votre historique - résultats
Vous n’avez pas pris ce quiz